[Event "6. Hradec Kralove Open 2015"]
[Site "Hradec Kralove CZE"]
[Date "2015.10.04"]
[Round "1.1"]
[White "Seibt, Sascha"]
[Black "Urkedal, Frode"]
[Result "0-1"]
[WhiteElo "1789"]
[BlackElo "2504"]
[PlyCount "56"]
[EventDate "2015.10.04"]
[EventType "swiss"]
[EventRounds "9"]
[EventCountry "CZE"]
[Source "lmi"]
[SourceDate "2015.10.04"]

1. Nf3 Nf6 2. c4 e6 3. b3 d5 4. Bb2 c5 5. e3 Nc6 6. d4 cxd4 7. Nxd4 Ne4 8. Nxc6
bxc6 9. a3 Rb8 10. Bd3 Qa5+ 11. Ke2 Nc5 12. b4 Qc7 13. cxd5 Nxd3 14. Qxd3 cxd5
15. Rc1 Qxh2 16. Nc3 Qh5+ 17. Kf1 Be7 18. Nb5 O-O 19. Nxa7 Bb7 20. Nc6 Bxc6 21.
Rxc6 Qh1+ 22. Ke2 Qxg2 23. Rcc1 Bh4 24. Rf1 Rfc8 25. Be5 Rb6 26. Qd4 Rc2+ 27.
Kd3 Qg6+ 28. e4 Rbc6 0-1

[Event "6. Hradec Kralove Open 2015"]
[Site "Hradec Kralove CZE"]
[Date "2015.10.04"]
[Round "1.2"]
[White "Kraus, Tomas"]
[Black "Kabelka, Ondrej"]
[Result "1-0"]
[WhiteElo "2398"]
[BlackElo "1873"]
[PlyCount "95"]
[EventDate "2015.10.04"]
[EventType "swiss"]
[EventRounds "9"]
[EventCountry "CZE"]
[Source "lmi"]
[SourceDate "2015.10.04"]

1. c4 e5 2. Nc3 Nf6 3. Nf3 Nc6 4. e3 d5 5. cxd5 Nxd5 6. Qc2 Be7 7. a3 Be6 8.
Bb5 Bf6 9. Ne4 Nde7 10. d3 O-O 11. Bd2 a6 12. Ba4 Kh8 13. Rc1 Qd5 14. Nc5 Bc8
15. Bb3 Qd8 16. Ne4 b6 17. Nfg5 Bxg5 18. Nxg5 Qe8 19. d4 Bf5 20. Qc4 Kg8 21. d5
h6 22. Nxf7 Qxf7 23. dxc6 Qxc4 24. Bxc4+ Kh7 25. Bb4 Rae8 26. Bxa6 Rf6 27. Bxe7
Rxe7 28. f3 Rd6 29. Ke2 Ree6 30. e4 Bg6 31. Bc8 Rf6 32. Bd7 Bf7 33. Rhd1 g5 34.
Rxd6 Rxd6 35. Rd1 Rf6 36. Ke3 Kg7 37. Rd3 Kf8 38. b3 Ke7 39. Kd2 h5 40. Kc3 Bg6
41. Rd5 Rd6 42. Rxe5+ Kf6 43. Rd5 Rxd5 44. exd5 Ke5 45. Be6 Kd6 46. a4 Bh7 47.
b4 Bg6 48. Kd4 1-0

[Event "6. Hradec Kralove Open 2015"]
[Site "Hradec Kralove CZE"]
[Date "2015.10.04"]
[Round "1.4"]
[White "Berka, Lubos"]
[Black "Pulpan, Jakub"]
[Result "0-1"]
[WhiteElo "1768"]
[BlackElo "2306"]
[PlyCount "60"]
[EventDate "2015.10.04"]
[EventType "swiss"]
[EventRounds "9"]
[EventCountry "CZE"]
[Source "lmi"]
[SourceDate "2015.10.04"]

1. e4 c5 2. Nc3 a6 3. g3 b5 4. a3 Bb7 5. Bg2 Nf6 6. d3 e6 7. Nge2 d5 8. exd5
Nxd5 9. Nxd5 Bxd5 10. Bxd5 Qxd5 11. O-O Nc6 12. Nf4 Qd7 13. Re1 Be7 14. Qg4 g6
15. Bd2 Nd4 16. Bc3 h5 17. Qd1 O-O 18. Re4 Bf6 19. Bxd4 cxd4 20. Qf3 Bg7 21.
Rae1 Rac8 22. Nxh5 gxh5 23. Qxh5 Rxc2 24. Rh4 Rfc8 25. Ree4 f5 26. Qh7+ Kf7 27.
Qh5+ Kf8 28. Rhf4 Kg8 29. g4 fxe4 30. g5 Rf8 0-1

[Event "6. Hradec Kralove Open 2015"]
[Site "Hradec Kralove CZE"]
[Date "2015.10.04"]
[Round "1.5"]
[White "Kozusek, Daniel"]
[Black "Nosek, Jan"]
[Result "1-0"]
[WhiteElo "2279"]
[BlackElo "1792"]
[PlyCount "87"]
[EventDate "2015.10.04"]
[EventType "swiss"]
[EventRounds "9"]
[EventCountry "CZE"]
[Source "lmi"]
[SourceDate "2015.10.04"]

1. d4 Nf6 2. c4 g6 3. g3 Bg7 4. Bg2 O-O 5. Nc3 d6 6. Nf3 Nc6 7. O-O a6 8. b3
Rb8 9. Nd5 b5 10. Ne3 Ng4 11. Nxg4 Bxg4 12. cxb5 Bxf3 13. bxc6 Bxg2 14. Kxg2
Rb6 15. Be3 Rxc6 16. d5 Bxa1 17. dxc6 Bg7 18. Qd5 Qb8 19. Qa5 Qc8 20. Rc1 f5
21. Rc4 e5 22. Qd5+ Kh8 23. f3 h6 24. Ra4 g5 25. Bf2 g4 26. Qc4 f4 27. Qd3
gxf3+ 28. exf3 Qe8 29. Rxa6 h5 30. Qe4 Qe6 31. Ra5 fxg3 32. hxg3 Bh6 33. Rb5
Rg8 34. a4 Bf4 35. a5 h4 36. g4 h3+ 37. Kh1 Ra8 38. Qf5 Qh6 39. a6 Rf8 40. Qh5
Qxh5 41. gxh5 e4 42. a7 e3 43. Be1 e2 44. Rb8 1-0

[Event "6. Hradec Kralove Open 2015"]
[Site "Hradec Kralove CZE"]
[Date "2015.10.04"]
[Round "1.7"]
[White "Kuba, Stanislav"]
[Black "Krasa, Marek"]
[Result "1-0"]
[WhiteElo "2148"]
[BlackElo "1713"]
[PlyCount "71"]
[EventDate "2015.10.04"]
[EventType "swiss"]
[EventRounds "9"]
[EventCountry "CZE"]
[Source "lmi"]
[SourceDate "2015.10.04"]

1. g3 g6 2. Bg2 Bg7 3. d4 d5 4. Nf3 Nf6 5. O-O O-O 6. Nbd2 Nbd7 7. c4 c5 8.
cxd5 Nxd5 9. Qb3 N5b6 10. Rd1 cxd4 11. Ne4 Qc7 12. Bg5 Qc4 13. Nxd4 Qxb3 14.
axb3 Bxd4 15. Rxd4 f6 16. Be3 Ne5 17. Rd2 Nbd7 18. Rxa7 Rxa7 19. Bxa7 Nc6 20.
Be3 Rd8 21. f4 Nf8 22. Rxd8 Nxd8 23. Nc5 Nc6 24. Bd5+ e6 25. Bf3 Kf7 26. Ne4
Kg7 27. Nd6 Bd7 28. Nxb7 Nb4 29. Bc5 Nd5 30. b4 Bc8 31. Nd6 Bd7 32. b5 f5 33.
b6 Bc6 34. b7 Nd7 35. Bd4+ Kf8 36. b4 1-0

[Event "6. Hradec Kralove Open 2015"]
[Site "Hradec Kralove CZE"]
[Date "2015.10.04"]
[Round "1.8"]
[White "Jungwirth, Stanislav"]
[Black "Skorna, Ullrich"]
[Result "0-1"]
[WhiteElo "1709"]
[BlackElo "2123"]
[PlyCount "40"]
[EventDate "2015.10.04"]
[EventType "swiss"]
[EventRounds "9"]
[EventCountry "CZE"]
[Source "lmi"]
[SourceDate "2015.10.04"]

1. e4 e6 2. d4 d5 3. exd5 exd5 4. Nf3 Nf6 5. Be2 Bd6 6. h3 O-O 7. O-O h6 8. Nc3
a6 9. Bd3 b5 10. a3 Nbd7 11. Bd2 c5 12. dxc5 Nxc5 13. Be2 Bc7 14. Be3 Qd6 15.
b4 Ne6 16. Qd2 Bb7 17. Bd4 Ne4 18. Qe3 N6g5 19. Be5 Nxf3+ 20. Bxf3 Qxe5 0-1

[Event "6. Hradec Kralove Open 2015"]
[Site "Hradec Kralove CZE"]
[Date "2015.10.04"]
[Round "1.9"]
[White "Kapusta, Petr"]
[Black "Vit, Jakub"]
[Result "1/2-1/2"]
[WhiteElo "2098"]
[BlackElo "1705"]
[PlyCount "87"]
[EventDate "2015.10.04"]
[EventType "swiss"]
[EventRounds "9"]
[EventCountry "CZE"]
[Source "lmi"]
[SourceDate "2015.10.04"]

1. e4 c5 2. Nf3 d6 3. d4 cxd4 4. Nxd4 Nf6 5. Nc3 g6 6. Bc4 Bg7 7. O-O a6 8. Re1
b5 9. Bb3 Bb7 10. Bg5 Nc6 11. Nxc6 Bxc6 12. Nd5 O-O 13. Nxf6+ Bxf6 14. Bxf6
exf6 15. Qd4 Qe7 16. Rad1 Rad8 17. Bd5 Bxd5 18. exd5 Qc7 19. c3 f5 20. Re3 Rde8
21. Rde1 Qb8 22. h4 h5 23. Qf6 a5 24. g3 Rxe3 25. Rxe3 Re8 26. Rxe8+ Qxe8 27.
Qxd6 Qe1+ 28. Kg2 Qe4+ 29. Kh2 f4 30. Qxf4 Qxd5 31. b3 Kg7 32. Qd4+ Qxd4 33.
cxd4 Kf6 34. Kg2 Ke6 35. Kf3 Kd5 36. Ke3 f6 37. f4 f5 38. a3 Kc6 39. Kd2 b4 40.
axb4 axb4 41. Kc2 Kd6 42. Kd2 Ke6 43. Kd3 Kd5 44. Ke3 1/2-1/2

[Event "6. Hradec Kralove Open 2015"]
[Site "Hradec Kralove CZE"]
[Date "2015.10.04"]
[Round "1.10"]
[White "Svec, Ludek"]
[Black "Romanov, Sergey"]
[Result "0-1"]
[WhiteElo "1687"]
[BlackElo "2036"]
[PlyCount "72"]
[EventDate "2015.10.04"]
[EventType "swiss"]
[EventRounds "9"]
[EventCountry "CZE"]
[Source "lmi"]
[SourceDate "2015.10.04"]

1. Nf3 f5 2. c4 Nf6 3. g3 g6 4. Bg2 Bg7 5. O-O O-O 6. Nc3 d6 7. d3 e5 8. Bg5 h6
9. Bd2 Kh7 10. Ne1 Qe8 11. Nc2 c6 12. b4 Na6 13. Rb1 Nc7 14. b5 Bd7 15. bxc6
Bxc6 16. Bxc6 Qxc6 17. Nb4 Qd7 18. Qa4 Qe7 19. e4 f4 20. Qd1 Qd7 21. Nbd5 Ncxd5
22. Nxd5 Nxd5 23. cxd5 f3 24. Kh1 h5 25. Rg1 Bh6 26. Bb4 Rac8 27. Bd2 g5 28.
Rc1 g4 29. Bxh6 Kxh6 30. Qd2+ Kg6 31. Rxc8 Rxc8 32. h4 gxh3 33. Kh2 Qa4 34. Rc1
Rxc1 35. Qxc1 Qxa2 36. Qe3 Qe2 0-1

[Event "6. Hradec Kralove Open 2015"]
[Site "Hradec Kralove CZE"]
[Date "2015.10.04"]
[Round "1.11"]
[White "Liduch, Filip"]
[Black "Vorel, Bohuslav"]
[Result "1-0"]
[WhiteElo "2032"]
[BlackElo "1686"]
[PlyCount "45"]
[EventDate "2015.10.04"]
[EventType "swiss"]
[EventRounds "9"]
[EventCountry "CZE"]
[Source "lmi"]
[SourceDate "2015.10.04"]

1. e4 c5 2. Nf3 d6 3. d4 cxd4 4. Nxd4 Nf6 5. Nc3 g6 6. Be3 Bg7 7. f3 O-O 8. Qd2
Nc6 9. h4 h5 10. O-O-O Bd7 11. Nd5 Kh7 12. Nxf6+ Bxf6 13. g4 Ne5 14. gxh5 gxh5
15. Bg5 Bg7 16. Bh3 Nc4 17. Qd3 Ne5 18. Qe2 f6 19. Bf4 Bh6 20. Bxh6 Kxh6 21.
Qe3+ Kh7 22. Bf5+ Bxf5 23. Nxf5 1-0

[Event "6. Hradec Kralove Open 2015"]
[Site "Hradec Kralove CZE"]
[Date "2015.10.04"]
[Round "1.12"]
[White "Horak, Miroslav"]
[Black "Gromczak, Dariusz"]
[Result "0-1"]
[WhiteElo "1676"]
[BlackElo "2009"]
[PlyCount "68"]
[EventDate "2015.10.04"]
[EventType "swiss"]
[EventRounds "9"]
[EventCountry "CZE"]
[Source "lmi"]
[SourceDate "2015.10.04"]

1. c4 c5 2. Nc3 Nc6 3. g3 g6 4. Bg2 Bg7 5. e3 e5 6. Nge2 Nge7 7. O-O O-O 8. b3
d6 9. Bb2 Be6 10. Rc1 Qd7 11. Ne4 Bh3 12. Bxh3 Qxh3 13. Nxd6 Qd7 14. Ne4 b6 15.
f4 f5 16. Nf2 Rfd8 17. Bc3 e4 18. a3 a5 19. Qc2 Bxc3 20. dxc3 Qd2 21. Qxd2 Rxd2
22. Rfe1 Rad8 23. Rcd1 Rb2 24. Rxd8+ Nxd8 25. Nc1 Rc2 26. Ne2 a4 27. b4 Ra2 28.
Rd1 Ndc6 29. Rd7 Kf8 30. Kf1 Rxa3 31. bxc5 bxc5 32. Nd1 Na5 33. Rc7 Ra1 34. Ke1
Nxc4 0-1

[Event "6. Hradec Kralove Open 2015"]
[Site "Hradec Kralove CZE"]
[Date "2015.10.04"]
[Round "1.13"]
[White "Saikrishnan, Sai"]
[Black "Navratilova, Alena"]
[Result "1-0"]
[WhiteElo "2005"]
[BlackElo "1669"]
[PlyCount "53"]
[EventDate "2015.10.04"]
[EventType "swiss"]
[EventRounds "9"]
[EventCountry "CZE"]
[Source "lmi"]
[SourceDate "2015.10.04"]

1. d4 Nf6 2. c4 g6 3. Nc3 Bg7 4. e4 d6 5. Nf3 O-O 6. Be2 Nbd7 7. O-O c5 8. d5
a6 9. a4 Re8 10. h3 Nf8 11. Bf4 Nh5 12. Bh2 f5 13. exf5 gxf5 14. Ng5 Nf6 15.
Bh5 Nxh5 16. Qxh5 e5 17. dxe6 Bxe6 18. Rad1 Bxc4 19. Bxd6 Qf6 20. Bxf8 h6 21.
Bxg7 Qxg7 22. Nf3 Bxf1 23. Kxf1 Qf6 24. Nd5 Qxb2 25. Qg6+ Kf8 26. Qxh6+ Kf7 27.
Ng5+ 1-0

[Event "6. Hradec Kralove Open 2015"]
[Site "Hradec Kralove CZE"]
[Date "2015.10.04"]
[Round "1.14"]
[White "Kral, Ladislav"]
[Black "Malinovsky, Petr"]
[Result "0-1"]
[WhiteElo "1640"]
[BlackElo "1971"]
[PlyCount "56"]
[EventDate "2015.10.04"]
[EventType "swiss"]
[EventRounds "9"]
[EventCountry "CZE"]
[Source "lmi"]
[SourceDate "2015.10.04"]

1. e4 c5 2. Nf3 e6 3. d4 cxd4 4. Nxd4 Nf6 5. Nc3 Nc6 6. a3 d5 7. Bb5 Bd7 8.
exd5 exd5 9. O-O Be7 10. Bf4 O-O 11. Be2 Nxd4 12. Qxd4 Bc6 13. Bf3 Ne4 14. Rad1
Bc5 15. Qd3 Qb6 16. Nxe4 dxe4 17. Bxe4 Bxe4 18. Qxe4 Rfe8 19. Qc4 Rac8 20. Qb3
Re2 21. Qxb6 Bxb6 22. Rd2 Rxc2 23. Rxc2 Rxc2 24. Be5 f6 25. Bc3 Bc5 26. g4 Bxa3
27. Bd4 Bc5 28. Bc3 b5 0-1

[Event "6. Hradec Kralove Open 2015"]
[Site "Hradec Kralove CZE"]
[Date "2015.10.04"]
[Round "1.15"]
[White "Sucharda, David"]
[Black "Vitova, Anna"]
[Result "1-0"]
[WhiteElo "1943"]
[BlackElo "1638"]
[PlyCount "53"]
[EventDate "2015.10.04"]
[EventType "swiss"]
[EventRounds "9"]
[EventCountry "CZE"]
[Source "lmi"]
[SourceDate "2015.10.04"]

1. d4 Nf6 2. Bg5 e6 3. e4 Be7 4. Bd3 b6 5. c4 Bb7 6. Nc3 h6 7. Bf4 O-O 8. Nge2
d5 9. cxd5 exd5 10. e5 Nfd7 11. O-O c5 12. Bc2 Bg5 13. Qd3 f5 14. Bxg5 Qxg5 15.
f4 Qe7 16. Qf3 cxd4 17. Nxd4 Qc5 18. Qf2 Ba6 19. Rfd1 Nc6 20. Nxc6 Qxc6 21.
Nxd5 Kh8 22. Nb4 Qb5 23. Nxa6 Rac8 24. Bd3 Qa5 25. a4 Nc5 26. Nxc5 bxc5 27. Bb5
1-0

[Event "6. Hradec Kralove Open 2015"]
[Site "Hradec Kralove CZE"]
[Date "2015.10.04"]
[Round "1.16"]
[White "Vetter, Udo"]
[Black "Holownia, Michal"]
[Result "0-1"]
[WhiteElo "1592"]
[BlackElo "1911"]
[PlyCount "50"]
[EventDate "2015.10.04"]
[EventType "swiss"]
[EventRounds "9"]
[EventCountry "CZE"]
[Source "lmi"]
[SourceDate "2015.10.04"]

1. c4 e5 2. Nc3 Nf6 3. g3 Bb4 4. Bg2 O-O 5. e3 d6 6. Nge2 c6 7. O-O Be6 8. b3
d5 9. cxd5 cxd5 10. d4 e4 11. Bb2 Nbd7 12. Nf4 Re8 13. Rc1 a6 14. a3 Bd6 15.
Nxe6 Rxe6 16. b4 Nb6 17. Qb3 Bf8 18. b5 axb5 19. Nxb5 Nc4 20. Rfd1 Rb6 21. Rc3
Qd7 22. a4 Rxa4 23. Qxa4 Nxb2 24. Qa1 Nxd1 25. Qxd1 Qxb5 0-1

[Event "6. Hradec Kralove Open 2015"]
[Site "Hradec Kralove CZE"]
[Date "2015.10.04"]
[Round "1.17"]
[White "Rokos, Filip"]
[Black "Majerik, Vladimir"]
[Result "1/2-1/2"]
[WhiteElo "1533"]
[BlackElo "1847"]
[PlyCount "70"]
[EventDate "2015.10.04"]
[EventType "swiss"]
[EventRounds "9"]
[EventCountry "CZE"]
[Source "lmi"]
[SourceDate "2015.10.04"]

1. e4 c6 2. d4 d5 3. exd5 cxd5 4. c4 Nf6 5. Nc3 Nc6 6. Nf3 Bg4 7. Be3 e6 8. c5
Be7 9. Bd3 O-O 10. O-O Qc8 11. Qc2 Nb4 12. Qd2 Nxd3 13. Qxd3 Bxf3 14. gxf3 a6
15. Kh1 Qc7 16. Rg1 Nh5 17. Rae1 Nf4 18. Bxf4 Qxf4 19. Nxd5 exd5 20. Rxe7 Rae8
21. Qe3 Qxe3 22. Rxe3 Re6 23. Rge1 Rfe8 24. b4 Kf8 25. Rxe6 fxe6 26. Kg2 Ke7
27. Kg3 Rf8 28. Rb1 Kd7 29. b5 axb5 30. Rxb5 Kc7 31. Rb6 Rf6 32. a4 Kc8 33. a5
Kc7 34. h4 Rg6+ 35. Kh3 Rf6 1/2-1/2

[Event "6. Hradec Kralove Open 2015"]
[Site "Hradec Kralove CZE"]
[Date "2015.10.04"]
[Round "1.18"]
[White "Kysilko, Jaroslav"]
[Black "Pribylova, Sofie"]
[Result "0-1"]
[WhiteElo "1488"]
[BlackElo "1841"]
[PlyCount "50"]
[EventDate "2015.10.04"]
[EventType "swiss"]
[EventRounds "9"]
[EventCountry "CZE"]
[Source "lmi"]
[SourceDate "2015.10.04"]

1. d4 Nf6 2. c4 g6 3. Nf3 Bg7 4. e3 O-O 5. Bd3 d5 6. O-O dxc4 7. Bxc4 c5 8.
dxc5 Qa5 9. Qb3 Qxc5 10. Nc3 e6 11. Rd1 Nc6 12. a3 Na5 13. Qb5 Qxb5 14. Nxb5
Nxc4 15. b3 Nb6 16. Bb2 Bd7 17. Nbd4 Rac8 18. Kf1 Rfd8 19. Rac1 Rxc1 20. Rxc1
Nfd5 21. e4 Bxd4 22. Bxd4 Bb5+ 23. Ke1 Nf4 24. Kd2 Ne2 25. Rd1 Nxd4 0-1

[Event "6. Hradec Kralove Open 2015"]
[Site "Hradec Kralove CZE"]
[Date "2015.10.04"]
[Round "1.19"]
[White "Tobiskova, Petra"]
[Black "Valik, Ondrej"]
[Result "1-0"]
[WhiteElo "1823"]
[BlackElo "1444"]
[PlyCount "69"]
[EventDate "2015.10.04"]
[EventType "swiss"]
[EventRounds "9"]
[EventCountry "CZE"]
[Source "lmi"]
[SourceDate "2015.10.04"]

1. c4 b6 2. g3 Bb7 3. Nf3 g6 4. Bg2 Bg7 5. Nc3 Nf6 6. d4 d5 7. cxd5 Nxd5 8. O-O
O-O 9. e3 e6 10. Bd2 Nf6 11. Qc2 a6 12. Rac1 Nbd7 13. b4 Re8 14. Rfd1 Qe7 15.
a3 Rac8 16. Na4 Ne4 17. Nh4 Ndf6 18. Re1 Bd5 19. Nc3 Nxc3 20. Bxc3 c5 21. dxc5
bxc5 22. Qa4 Qb7 23. bxc5 Red8 24. Rb1 Qa8 25. Bd4 g5 26. Bxd5 Qxd5 27. Ng2 e5
28. Ba1 Ne4 29. Red1 Qxc5 30. Rxd8+ Rxd8 31. Qxe4 f5 32. Qxf5 Rf8 33. Qe6+ Kh8
34. Qa2 Rc8 35. h3 1-0

[Event "6. Hradec Kralove Open 2015"]
[Site "Hradec Kralove CZE"]
[Date "2015.10.04"]
[Round "1.20"]
[White "Berger, Volkmar"]
[Black "Faltynek, David"]
[Result "1/2-1/2"]
[WhiteElo "1801"]
[BlackElo "1366"]
[PlyCount "43"]
[EventDate "2015.10.04"]
[EventType "swiss"]
[EventRounds "9"]
[EventCountry "CZE"]
[Source "lmi"]
[SourceDate "2015.10.04"]

1. d4 Nf6 2. c4 e6 3. Nf3 b6 4. Bf4 Bb7 5. a3 c5 6. e3 Nc6 7. Nc3 Nh5 8. Bg5
Be7 9. Bxe7 Qxe7 10. Be2 f5 11. O-O Nf6 12. dxc5 bxc5 13. Nb5 d5 14. Qc2 a6 15.
Nc3 d4 16. exd4 Nxd4 17. Nxd4 cxd4 18. Na4 O-O 19. b4 Ng4 20. Qd2 Qd6 21. g3
Qc6 22. f3 1/2-1/2

[Event "6. Hradec Kralove Open 2015"]
[Site "Hradec Kralove CZE"]
[Date "2015.10.05"]
[Round "2.1"]
[White "Urkedal, Frode"]
[Black "Korpalski, Maciej"]
[Result "1-0"]
[WhiteElo "2504"]
[BlackElo "1983"]
[PlyCount "39"]
[EventDate "2015.10.04"]
[EventType "swiss"]
[EventRounds "9"]
[EventCountry "CZE"]
[Source "lmi"]
[SourceDate "2015.10.04"]

1. e4 c5 2. Nf3 d6 3. d4 cxd4 4. Nxd4 Nf6 5. Nc3 Nc6 6. Bg5 e6 7. Qd2 Be7 8.
O-O-O a6 9. Bxf6 gxf6 10. f4 Bd7 11. Kb1 b5 12. f5 Ne5 13. Qh6 b4 14. Nce2 Ng4
15. Qg7 Nf2 16. Qxh8+ Bf8 17. Nf4 Nxd1 18. fxe6 fxe6 19. Be2 Qe7 20. Bh5+ 1-0

[Event "6. Hradec Kralove Open 2015"]
[Site "Hradec Kralove CZE"]
[Date "2015.10.05"]
[Round "2.2"]
[White "Malinovsky, Petr"]
[Black "Kraus, Tomas"]
[Result "0-1"]
[WhiteElo "1971"]
[BlackElo "2398"]
[PlyCount "54"]
[EventDate "2015.10.04"]
[EventType "swiss"]
[EventRounds "9"]
[EventCountry "CZE"]
[Source "lmi"]
[SourceDate "2015.10.04"]

1. d4 Nf6 2. c4 e6 3. Nc3 c5 4. d5 exd5 5. cxd5 Bd6 6. e4 O-O 7. f4 Nxe4 8.
Nxe4 Re8 9. Qe2 Bc7 10. g4 Na6 11. Nh3 Nb4 12. Bg2 b6 13. O-O Ba6 14. Qd1 Bxf1
15. Kxf1 Qh4 16. Nef2 Bd6 17. a3 Na6 18. Bd2 Nc7 19. Qb3 b5 20. Re1 c4 21. Qg3
Rxe1+ 22. Bxe1 Qe7 23. Be4 Re8 24. Bc3 Na6 25. Bxh7+ Kxh7 26. Ng5+ Qxg5 27. Nh3
Qe7 0-1

[Event "6. Hradec Kralove Open 2015"]
[Site "Hradec Kralove CZE"]
[Date "2015.10.05"]
[Round "2.3"]
[White "Pulpan, Jakub"]
[Black "Svetly, Jiri"]
[Result "1-0"]
[WhiteElo "2306"]
[BlackElo "1982"]
[PlyCount "61"]
[EventDate "2015.10.04"]
[EventType "swiss"]
[EventRounds "9"]
[EventCountry "CZE"]
[Source "lmi"]
[SourceDate "2015.10.04"]

1. Nc3 Nf6 2. e4 d6 3. d4 g6 4. Nf3 Bg7 5. Be3 c6 6. Qd2 b5 7. Bd3 Ng4 8. Bg5
f6 9. Bh4 Nd7 10. h3 Nh6 11. d5 c5 12. Nxb5 Nf7 13. Na3 Bh6 14. Qe2 Nfe5 15.
Nxe5 Nxe5 16. Bb5+ Kf7 17. O-O a6 18. Ba4 Rb8 19. f4 Nd7 20. e5 dxe5 21. fxe5
Nb6 22. Bb3 Bf5 23. d6+ Kg7 24. Rad1 Bg5 25. Bxg5 fxg5 26. g4 c4 27. Nxc4 Nxc4
28. Qxc4 Rf8 29. gxf5 gxf5 30. Qc7 Qxc7 31. dxc7 1-0

[Event "6. Hradec Kralove Open 2015"]
[Site "Hradec Kralove CZE"]
[Date "2015.10.05"]
[Round "2.4"]
[White "Nemec, Otakar"]
[Black "Kozusek, Daniel"]
[Result "0-1"]
[WhiteElo "1922"]
[BlackElo "2279"]
[PlyCount "56"]
[EventDate "2015.10.04"]
[EventType "swiss"]
[EventRounds "9"]
[EventCountry "CZE"]
[Source "lmi"]
[SourceDate "2015.10.04"]

1. Nf3 Nf6 2. g3 b5 3. Bg2 Bb7 4. d4 e6 5. O-O c5 6. c3 Be7 7. Bg5 Qc7 8. Nbd2
d6 9. Re1 Nbd7 10. e4 h6 11. Bxf6 Nxf6 12. Qc2 O-O 13. a4 a6 14. Ra2 Rfc8 15.
axb5 axb5 16. Rea1 Rxa2 17. Rxa2 cxd4 18. Nxd4 b4 19. c4 d5 20. exd5 exd5 21.
b3 Bc5 22. Qd3 Qb6 23. N2f3 dxc4 24. Qxc4 Bxd4 25. Qxd4 Rc1+ 26. Bf1 Qc6 27.
Qd8+ Ne8 28. Re2 Qxf3 0-1

[Event "6. Hradec Kralove Open 2015"]
[Site "Hradec Kralove CZE"]
[Date "2015.10.05"]
[Round "2.5"]
[White "Golcman, Evgeny"]
[Black "Sucharda, David"]
[Result "1-0"]
[WhiteElo "2164"]
[BlackElo "1943"]
[PlyCount "85"]
[EventDate "2015.10.04"]
[EventType "swiss"]
[EventRounds "9"]
[EventCountry "CZE"]
[Source "lmi"]
[SourceDate "2015.10.04"]

1. c4 e5 2. g3 Nf6 3. Bg2 d5 4. cxd5 Nxd5 5. Nf3 Nc6 6. O-O Be7 7. d4 e4 8. Ne5
f5 9. Nxc6 bxc6 10. Qc2 Qd7 11. Nd2 Ba6 12. Nb3 Nb4 13. Qd1 O-O 14. f3 exf3 15.
Bxf3 Rad8 16. Bd2 Bc4 17. Bxb4 Bxb4 18. Qc2 Qe6 19. Rfc1 Bd5 20. Qd3 f4 21. Kg2
fxg3 22. hxg3 Rxf3 23. exf3 Rf8 24. Rf1 Qg4 25. Nc5 h5 26. Ne4 Rxf3 27. Rxf3
Bxe4 28. Qe3 Bd6 29. Kf2 h4 30. gxh4 Qxh4+ 31. Ke2 Bxf3+ 32. Qxf3 Qh2+ 33. Qf2
Qh5+ 34. Kd2 Qg5+ 35. Kc2 Qg6+ 36. Kc3 Qg5 37. Rf1 Qa5+ 38. Kc2 Qxa2 39. Qf5
Qc4+ 40. Kb1 Qd5 41. Qg6 c5 42. Rf5 Qh1+ 43. Ka2 1-0

[Event "6. Hradec Kralove Open 2015"]
[Site "Hradec Kralove CZE"]
[Date "2015.10.05"]
[Round "2.6"]
[White "Hellmich, Juergen"]
[Black "Kuba, Stanislav"]
[Result "0-1"]
[WhiteElo "1873"]
[BlackElo "2148"]
[PlyCount "88"]
[EventDate "2015.10.04"]
[EventType "swiss"]
[EventRounds "9"]
[EventCountry "CZE"]
[Source "lmi"]
[SourceDate "2015.10.04"]

1. d4 Nf6 2. Nf3 g6 3. Bf4 Bg7 4. Nbd2 d5 5. e3 Nh5 6. Be5 f6 7. Bg3 Nxg3 8.
hxg3 O-O 9. c3 c6 10. Be2 e5 11. e4 exd4 12. cxd4 Re8 13. exd5 cxd5 14. O-O Nc6
15. Rc1 Qb6 16. Nb3 a5 17. Rc5 a4 18. Rb5 Qd8 19. Nc5 b6 20. Nxa4 Ba6 21. Nc3
Bxb5 22. Bxb5 Re6 23. Qb3 Ne7 24. Ne2 Bh6 25. Rd1 Rc8 26. Nc3 Kg7 27. Ne1 Nc6
28. f4 Rd6 29. Nc2 Na5 30. Qa4 Nc4 31. Qb3 Na5 32. Qa4 g5 33. Ne3 Kh8 34. Nf5
Qf8 35. Nxd6 Qxd6 36. fxg5 Bxg5 37. Rd3 Nc4 38. b3 Ne3 39. Ne2 Qe7 40. Rc3 Rxc3
41. Nxc3 Ng4 42. Kf1 Qe3 43. Qa8+ Kg7 44. Qb7+ Kh6 0-1

[Event "6. Hradec Kralove Open 2015"]
[Site "Hradec Kralove CZE"]
[Date "2015.10.05"]
[Round "2.7"]
[White "Skorna, Ullrich"]
[Black "Klucznik, Andre"]
[Result "1/2-1/2"]
[WhiteElo "2123"]
[BlackElo "1843"]
[PlyCount "144"]
[EventDate "2015.10.04"]
[EventType "swiss"]
[EventRounds "9"]
[EventCountry "CZE"]
[Source "lmi"]
[SourceDate "2015.10.04"]

1. e4 e6 2. d4 d5 3. Nc3 Bb4 4. e5 c5 5. Bd2 Ne7 6. Nb5 Bxd2+ 7. Qxd2 O-O 8. f4
a6 9. Nd6 cxd4 10. Nf3 Nbc6 11. Bd3 f6 12. O-O Bd7 13. a3 Nc8 14. Nxc8 Rxc8 15.
Qe1 h6 16. g4 fxe5 17. Nxe5 Nxe5 18. Qxe5 Qf6 19. Rae1 Rf7 20. Qh5 Be8 21. g5
Qe7 22. Qg6 Qc7 23. Qh7+ Kf8 24. g6 Rf6 25. Qh8+ Ke7 26. Qxg7+ Bf7 27. gxf7
Rxf7 28. Qxh6 Rg8+ 29. Kh1 Qc8 30. f5 Rf6 31. Rxe6+ Qxe6 32. Qh7+ Qf7 33. Re1+
Kf8 34. Qxf7+ Kxf7 35. Rf1 Rg4 36. h3 Rh6 37. Kh2 Kf6 38. a4 Rh7 39. Re1 Rgh4
40. Re6+ Kf7 41. Rb6 Rxh3+ 42. Kg2 Rh2+ 43. Kg3 R2h3+ 44. Kf4 Ke8 45. Ke5 Rd7
46. b4 Rh4 47. f6 Kf7 48. Bf5 Rh5 49. Kf4 Rc7 50. Be6+ Kf8 51. Rd6 Ke8 52. Bxd5
Rxc2 53. f7+ Ke7 54. Re6+ Kd7 55. f8=N+ Kc7 56. Bf3 Rh3 57. Ng6 d3 58. Re1 d2
59. Rd1 Rc4+ 60. Be4 Rh2 61. Kg3 Rc1 62. Kxh2 Rxd1 63. Bf3 Rf1 64. Bg4 d1=Q 65.
Bxd1 Rxd1 66. Nf4 Kc6 67. Kg3 Rd4 68. b5+ axb5 69. axb5+ Kxb5 70. Ne6 Rd1 71.
Kf2 Ka4 72. Nc5+ Kb4 1/2-1/2

[Event "6. Hradec Kralove Open 2015"]
[Site "Hradec Kralove CZE"]
[Date "2015.10.05"]
[Round "2.8"]
[White "Flasar, Jaroslav"]
[Black "Pribylova, Sofie"]
[Result "1-0"]
[WhiteElo "2075"]
[BlackElo "1841"]
[PlyCount "55"]
[EventDate "2015.10.04"]
[EventType "swiss"]
[EventRounds "9"]
[EventCountry "CZE"]
[Source "lmi"]
[SourceDate "2015.10.04"]

1. e4 c5 2. Nf3 d6 3. d4 cxd4 4. Nxd4 Nf6 5. Nc3 a6 6. a4 b6 7. Bd3 g6 8. O-O
Bg7 9. Kh1 O-O 10. f4 Qc7 11. Nf3 Nbd7 12. Qe2 Bb7 13. Bd2 Nc5 14. b4 Nxd3 15.
cxd3 Rac8 16. Rac1 Qd7 17. d4 Rc7 18. e5 Ng4 19. Ng5 Nh6 20. e6 Qc8 21. exf7+
Rxf7 22. Nxf7 Kxf7 23. Ne4 Rxc1 24. Rxc1 Qf5 25. Ng5+ Ke8 26. Rc7 Qb1+ 27. Be1
Bxg2+ 28. Kxg2 1-0